000 00590nam a2200193Ia 4500
005 20250923145110.0
008 008 250917s9999 xx 000 0 eng d
037 _aTextual
040 _aDSWL
_beng
_cDSWL
041 _aeng
_2eng
084 _aX:750wyp1.N64, N65
_qDSWL
245 0 _aReport of the interregional seminar on social aspects of Industrialization
_cby United Nations
260 _aNew York
_b United Nations
_c1965
300 _a178 p.
365 _aUSD
_b1
925 _g1
942 _cTEXL
_hX:750wyp1.N64, N65
999 _c1447078
_d1447078